| 000 | 00638nam a22002057a 4500 | ||
|---|---|---|---|
| 999 |
_c158598 _d158598 |
||
| 005 | 20181106155030.0 | ||
| 010 | _aENG-124454 | ||
| 020 |
_a9788192769400 _c995.00 |
||
| 035 | _aEN-107986 | ||
| 037 | _bDBAD/PUB | ||
| 082 | _a954.0841 | ||
| 100 | _aKshirsagar R.K. | ||
| 245 |
_aDalit movement in india and its leaders: _cby R.K. Kshirsagar _b(1857 - 1956) / |
||
| 250 | _a2nd ed. | ||
| 260 |
_aNew Delhi _bPrints Publications _c2017 |
||
| 270 |
_aPrints House, 11, Darya Ganj, _bNew Delhi _e110002 |
||
| 300 |
_a497p. _c22cm(Hb) |
||
| 500 | _aIt includes bibliography and index | ||
| 942 |
_2ddc _cEN _mKSH _h954.0841 |
||